| 000 | 01078cam a2200325 i 4500 | ||
|---|---|---|---|
| 001 | 200464238 | ||
| 003 | TR-AnTOB | ||
| 005 | 20250416213532.0 | ||
| 007 | ta | ||
| 008 | 060328s2005 tu ad 000 0 tur d | ||
| 020 | _a9756984759 | ||
| 035 | _a(TR-AnTOB) | ||
| 040 |
_aTVK _beng _erda _cTVK _dSULEY _dTR-AnTOB |
||
| 041 | 0 | _atur | |
| 060 | 4 |
_aW 20 _bI99 2005 |
|
| 096 |
_aW20 _bI99 2005 TıpFaK |
||
| 245 | 0 | 0 |
_aİzmir tıpta uzmanlık eğitimi veren kurumlar : _btanıtım kitabı 2005 / _chazırlayanlar Candan Çiçek [and nine others] |
| 250 | _a1.baskı : Kasım 2005 | ||
| 264 | 1 |
_aİzmir : _bİzmir Tabip Odası Uzmanlık Eğitimi Çalışma Grubu, _c2005. |
|
| 300 |
_a531 pages : _billustrations, tables ; _c27 cm |
||
| 336 |
_atext _btxt _2rdacontent |
||
| 337 |
_aunmediated _bn _2rdamedia |
||
| 338 |
_avolume _bnc _2rdacarrier |
||
| 490 | 0 |
_aİzmir Tabip Odası Araştırma yayını ; _v1 |
|
| 504 | _aBIB | ||
| 650 | 2 |
_aEducation, Medical, Graduate _9148573 |
|
| 700 | 1 |
_aÇiçek, Candan _eeditor _9144414 |
|
| 942 |
_2NLM _cBK |
||
| 999 |
_c200464238 _d82450 |
||